5HLuxD.jpg

KING HENRY VIII SENIOR AND PRIMARY SCHOOL LIBRARY OPAC

OCEANS (Record no. 4105)

000 -LEADER
fixed length control field 00273nam a22001097a 4500
008 - FIXED-LENGTH DATA ELEMENTS--GENERAL INFORMATION
fixed length control field 250121b ||||| |||| 00| 0 eng d
020 ## - INTERNATIONAL STANDARD BOOK NUMBER
International Standard Book Number 9780008652036
082 ## - DEWEY DECIMAL CLASSIFICATION NUMBER
Classification number 793 NAT
100 ## - MAIN ENTRY--PERSONAL NAME
Personal name NATIONAL GEOGRAPHIC
245 ## - TITLE STATEMENT
Title OCEANS
942 ## - ADDED ENTRY ELEMENTS (KOHA)
Source of classification or shelving scheme
Classification part 793 NAT
Holdings
Withdrawn status Lost status Source of classification or shelving scheme Damaged status Not for loan Collection code Permanent Location Current Location Shelving location Date acquired Total Checkouts Full call number Barcode Date last seen Date last checked out Price effective from Koha item type Public note
          Non-Fiction KH8 Primary School Library KH8 Primary School Library Non Fiction 2025-01-21 4 793 NAT KHPL000005005 2025-12-05 2025-12-02 2025-01-21 Books - Non Ficton KH8 PRIMARY

Powered By KH8 IT Dept